Eva Perón /
Wedi'i Gadw mewn:
| Prif Awdur: | |
|---|---|
| Awduron Eraill: | |
| Fformat: | Llyfr |
| Iaith: | Sbaeneg |
| Cyhoeddwyd: |
Buenos Aires, Argentina :
Adriana Hidalgo,
2000, c2000
|
| Pynciau: | |
| Tagiau: |
Dim Tagiau, Byddwch y cyntaf i dagio'r cofnod hwn!
|
MARC
| LEADER | 00000nam^a2200000^a^4500 | ||
|---|---|---|---|
| 001 | 000165900 | ||
| 005 | 20250521000000.0 | ||
| 009 | 20260310101035.6 | ||
| 020 | |a 987-9396-30-8 | ||
| 037 | |a Acervo ITESO - Biblioteca | ||
| 041 | |a ESP | ||
| 082 | |a 842. |b COP | ||
| 100 | |a Copi | ||
| 245 | 1 | 0 | |a Eva Perón / |c Copi ; tr. por J. Monteleone. |
| 264 | 4 | |a Buenos Aires, Argentina : |b Adriana Hidalgo, |c 2000, c2000 | |
| 300 | |a 87 p. | ||
| 336 | |a texto |b txt |2 rdacontenido | ||
| 337 | |a sin mediación |b n |2 rdamedio | ||
| 338 | |a volumen |b nc |2 rdasoporte | ||
| 500 | |a Traducción de: Eva Peron | ||
| 545 | 0 | |a El escritor, director de teatro y caricaturista Copi –cuyo verdadero nombre era, al parecer, Raúl Damonte Taborda- nació en 1939 en Buenos Aires, en el seno de una familia de talante antiperonista e inició su trayectoria creativa con la publicación de cartones en el periódico Tribuna Popular, propiedad de su padre. Debido a sus desacuerdos con el régimen, Copi debió exiliarse en Uruguay y emigró en 1964 a París, donde desarrolló prácticamente todo su trabajo artístico. Los libros de compilación Las viejas putas y La femme assise dan cuenta del Copi caricaturista, que alcanzó notoriedad gracias a sus colaboraciones en Le Nouvel Observateur, en tanto que El baile de las locas, Virginia Woolf ataca de nuevo, Las viejas travestis y otras infamias y La Internacional Argentina forman parte de su narrativa. Sin embargo, la obra más abundante, difundida y reconocida del autor es la teatral, un ámbito en el que se identificó inmediatamente al lado de la vanguardia más estridente de la escena francesa. Célebre por sus atuendos extravagantes, su travestismo y su capacidad para borrar las fronteras entre el teatro "formal" y el cabaret o café-concierto, el escritor francoargentino es autor de textos provocadores, colmados de sadomasoquismo gozoso y poblados por "locas" delirantes. Eva Perón, El homosexual o la dificultad de expresarse, Las cuatro gemelas, Loretta Strong, El refri, Una visita inoportuna y La pirámide son algunos de los títulos del Copi dramaturgo, quien como el caricaturista y el narrador falleció en 1988 en París. | |
| 649 | |a XX | ||
| 650 | |a Escritores Argentinos | ||
| 650 | |a Teatro Francés | ||
| 650 | |a Literatura Gay y Lésbica - |z Francia | ||
| 650 | |a Literatura Francesa - |y Siglo XX | ||
| 700 | |a Monteleone, Jorge |e (traducción) | ||
| 910 | |a Fondo General | ||
| 920 | |a Impresos - Libros | ||
| 930 | |a Colección General | ||
| 940 | |a Literatura | ||
| 905 | |a 101 | ||
| 901 | |a 0500100968 |b IT1 |c LIT |u 20250521 | ||
| 902 | |a https://opac.biblio.iteso.mx/vufind/Record/000165900 | ||